Krízový manažment vybraných podnikov v sektore výroby nábytku v podmienkach SR
Schopnosti manažmentov identifikovať krízy, kvantifikovať ich dopad a prijať vhodné stratégie, ktorými vytvárajú podmienky ochrany firmy v časoch krízy i preventívne opatrenia pred krízou. Prístupy manažmentu vo vybraných podnikoch a reakcie manažérov na vzniknutú krízovú situáciu.
Guardado en:
| Autor principal: | |
|---|---|
| Otros Autores: | |
| Formato: | Capítulo de libro |
| Lenguaje: | eslovaco |
| Materias: | |
| Etiquetas: |
Sin Etiquetas, Sea el primero en etiquetar este registro!
|
MARC
| LEADER | 00000naa$a2200000$$$4500 | ||
|---|---|---|---|
| 001 | 0209902 | ||
| 005 | 20240502073507.8 | ||
| 041 | 0 | |a slo | |
| 044 | |a SK | ||
| 245 | 1 | 0 | |a Krízový manažment vybraných podnikov v sektore výroby nábytku v podmienkach SR |c Martin Kello, Nadežda Jankelová |
| 520 | |a Schopnosti manažmentov identifikovať krízy, kvantifikovať ich dopad a prijať vhodné stratégie, ktorými vytvárajú podmienky ochrany firmy v časoch krízy i preventívne opatrenia pred krízou. Prístupy manažmentu vo vybraných podnikoch a reakcie manažérov na vzniknutú krízovú situáciu. | ||
| 610 | 2 | 0 | |a manažment krízový |
| 610 | 2 | 0 | |a riadenie podnikové |
| 610 | 2 | 0 | |a stratégia podniková |
| 610 | 2 | 0 | |a kríza podniku |
| 610 | 2 | 0 | |a opatrenia |
| 610 | 2 | 0 | |a manažéri |
| 610 | 2 | 0 | |a výroba |
| 610 | 2 | 0 | |a nábytok |
| 610 | 2 | 0 | |a Slovensko |
| 100 | 1 | |a Kello, Martin | |
| 700 | 1 | |a Jankelová, Nadežda, 1966- | |